000 00876cam a2200241 i 4500
005 20251108173247.0
008 250721s2006 jo gr 000 0 ara d
020 _a9957074415
082 1 4 _a155.4
_bا س ا
100 1 _aأبو رياش، حسين
_eمؤلف.
245 1 2 _aالإساءة والجندر /
_cتأليف حسين أبو رياش [وثلاثة آخرون].
250 _aالطبعة الأولى.
264 1 _aعمان :
_bدار الفكر ناشرون وموزعون،
_c2006.
300 _a365 صفحة.
650 1 7 _aسيكولوجية الطفولة.
650 1 7 _aالأطفال.
650 1 7 _aالتنشئة الاجتماعية.
700 1 _aالصافي، عبد الحكيم
_eمؤلف.
700 1 _aعمور، أميمة
_eمؤلف.
700 1 _aشريف، سليم
_eمؤلف
942 _2ddc
_cBK
999 _c99759
_d99759